书目信息 |
| 题名: |
缘缘堂随笔
|
|
| 作者: | 丰子恺 著 | |
| 分册: | ||
| 出版信息: | 南京 江苏人民出版社 2016 |
|
| 页数: | 294页 | |
| 开本: | 24cm | |
| 丛书名: | ||
| 单 册: | ||
| 中图分类: | I266.1 | |
| 科图分类: | ||
| 主题词: | 随笔--sui bi--作品集--中国--现代 | |
| 电子资源: | ||
| ISBN: | 978-7-214-19334-6 | |
| 000 | 00831nam0 22002291 450 | |
| 001 | 0120082108 | |
| 005 | 20170320082108.0 | |
| 010 | @a978-7-214-19334-6@dCNY29.80 | |
| 100 | @a20161114d2016 em y0chiy50 ea | |
| 101 | 0 | @achi |
| 102 | @aCN@b320000 | |
| 105 | @aa z 000cy | |
| 106 | @ar | |
| 200 | 1 | @a缘缘堂随笔@9yuan yuan tang sui bi@c插图版@f丰子恺著 |
| 210 | @a南京@c江苏人民出版社@d2016 | |
| 215 | @a294页@d24cm | |
| 330 | @a本书精选丰子恺先生经典随笔68篇,配以20余幅子恺漫画,图文并茂展现了这位现代艺术大师深厚的文学、美术造诣。书中所收录的文章,无论是写至亲、怀师友,还是观宇宙人生、品世间百态,无不深刻隽永、意趣悠长。 | |
| 606 | 0 | @a随笔@9sui bi@x作品集@y中国@z现代 |
| 690 | @aI266.1@v5 | |
| 701 | 0 | @a丰子恺@9feng zi kai@f(1898~1975)@4著 |
| 801 | 0 | @aCN@bTANGWEI@c20170308 |
| 905 | @b0955984-7@dI266.1@e2049@f4 | |
| 缘缘堂随笔.插图版/丰子恺著.-南京:江苏人民出版社,2016 |
| 294页;24cm |
| ISBN 978-7-214-19334-6:CNY29.80 |
| 本书精选丰子恺先生经典随笔68篇,配以20余幅子恺漫画,图文并茂展现了这位现代艺术大师深厚的文学、美术造诣。书中所收录的文章,无论是写至亲、怀师友,还是观宇宙人生、品世间百态,无不深刻隽永、意趣悠长。 |
| ● |
| 相关链接 |
|
|
|
|
正题名:缘缘堂随笔
索取号:I266.1/2049
 
预约/预借
| 序号 | 登录号 | 条形码 | 馆藏地/架位号 | 状态 | 备注 |
| 1 | 0955984 | 209559841 | 第一样本阅览室/ [索取号:I266.1/2049] | 在馆 | |
| 2 | 0955985 | 209559850 | 第二借阅区/ [索取号:I266.1/2049] | 在馆 | |
| 3 | 0955986 | 209559869 | 第二借阅区/ [索取号:I266.1/2049] | 在馆 | |
| 4 | 0955987 | 209559878 | 第二借阅区/ [索取号:I266.1/2049] | 在馆 |